000 00821nam a2200253Ia 4500
003 OSt
005 20221005032207.0
006 a|||||r|||| 00| 0
007 ta
008 221004b |||||||| |||| 00| 0 eng d
020 _a9780838935750 (pbk)
_c1976.38
024 _a95032
037 _b16936, 06/03/2009, Shanker Book Agency Pvt. Ltd.
_cTextual
040 _aCRL
_cCRL
_beng
041 _2eng
_aeng
082 _a22.73, P8
100 _aLandau Herbert B.
_939707
245 0 _aSmall public library survival guide
_b Thriving on less
260 _aChicago
_bAmerican Library Association U.S.A
_c2008
300 _aviii, 159p.
_ccm.
650 _aLIBRARY SCIENCE
942 _h22.73, P8
_cTEXL
_2cc
999 _c939240
_d939240